| 000 | 00392nam a2200157Ia 4500 | ||
|---|---|---|---|
| 003 | GCL | ||
| 008 | 140319s9999 xx 000 0 eng d | ||
| 040 |
_aGCL / _cGCL |
||
| 082 | 0 | 4 |
_a841 _bD C |
| 100 | 1 | _aDAHESH | |
| 245 | 1 | 0 |
_aLE CANTIQUE DES CANTIQUES / _cDAHESH |
| 260 |
_a[S.N] : _bTHE DAHESHIST PUBLICHING CO. LTD ، _c1978 |
||
| 650 | 0 | 4 | _aFRENCH |
| 650 | 0 | 4 | _aPOETRY |
| 942 |
_2ddc _cBK |
||
| 999 |
_c17137 _d17137 |
||